Đã lưu trong:
| Định dạng: | Texto |
|---|---|
| Được phát hành: |
México, D.F.
|
| Những chủ đề: | |
| Các nhãn: |
Thêm thẻ
Không có thẻ, Là người đầu tiên thẻ bản ghi này!
|
MARC
| LEADER | 00000 a a2200000 04500 | ||
|---|---|---|---|
| 001 | 26571 | ||
| 003 | |||
| 040 | |||
| 090 | |a 149002 | ||
| 260 | |a México, D.F. | ||
| 650 | |a TEORIA SOCIAL | ||
| 650 | |a SISTEMA SOCIAL | ||
| 650 | |a SOCIOLOGIA | ||
| 999 | |c 10879 |d 10879 | ||
